TV Remakes/Reboots Quiz Stats

 Plays Quiz Updated Feb 11, 2016

Challenge
Share
Tweet
Score 0/15 Timer 04:00
4 Plays Today
% Correct
Charlie's Angels
97.2%
Scooby Doo, Where Are You! -- What's New, Scooby Doo?
92.7%
The Flash
91.7%
Beverly Hills, 90210 -- 90210
81.7%
Knight Rider
81.5%
The Odd Couple
79.1%
Hawaii Five-O -- Hawaii Five-0
77.2%
The Twilight Zone
60.9%
% Correct
The Fugitive
58.5%
Dragnet
49.4%
Battlestar Galactica
46.7%
La Femme Nikita -- Nikita
46.7%
The Bionic Woman -- Bionic Woman
39.2%
Melrose Place
34.8%
V: The Series -- V
20.9%

You're not logged in!

Compare scores with friends on all Sporcle quizzes.
OR
Log In

You Might Also Like...

Show Comments

Extras

Top Quizzes Today


Score Distribution

Your Account Isn't Verified!

In order to create a playlist on Sporcle, you need to verify the email address you used during registration. Go to your Sporcle Settings to finish the process.

Report this User

Report this user for behavior that violates our Community Guidelines.

Details: